Faculty of Law Library — Cairo University

Official Online Catalog

الدفوع الجنائية : (Record no. 48623)

MARC details
000 -LEADER
fixed length control field 01500nam a2200313 i 4500
003 - CONTROL NUMBER IDENTIFIER
control field EG-GICUC
005 - DATE AND TIME OF LATEST TRANSACTION
control field 20260121101434.0
008 - FIXED-LENGTH DATA ELEMENTS--GENERAL INFORMATION
fixed length control field 251206b1989 ua ||||fr|||| 00| 0 ara d
017 ## - COPYRIGHT OR LEGAL DEPOSIT NUMBER
Copyright or legal deposit number 1989/4908
020 ## - INTERNATIONAL STANDARD BOOK NUMBER
International Standard Book Number 977103491X
040 ## - CATALOGING SOURCE
Original cataloging agency EG-GICUC
Language of cataloging ara
Transcribing agency EG-GICUC
Modifying agency EG-GICUC
Description conventions rda
041 0# - LANGUAGE CODE
Language code of text/sound track or separate title ara
082 04 - DEWEY DECIMAL CLASSIFICATION NUMBER
Edition number 21
Classification number 343.33
Item number ع ب . د
092 04 - LOCALLY ASSIGNED DEWEY CALL NUMBER (OCLC)
Edition number 21
099 ## - LOCAL FREE-TEXT CALL NUMBER (OCLC)
Classification number Law1 10 343.33 ع ب . د 1989
100 0# - MAIN ENTRY--PERSONAL NAME
Personal name عبد الحميد الشواربي
Relator term مؤلف.
245 12 - TITLE STATEMENT
Title الدفوع الجنائية :
Remainder of title الدفع بالإخلال بحق الدفاع - الدفع الاختصاص - الدفع بعدم جواز نظر الدعوى النسق الفصل فيا - الدفع عالم الدعوى الجمالية - الدفوع المعلقة بالاجراءات - الدفوع المتعلقة بالأعدار القانونية - الدفوع المتعلقة بالاثبات - الدفع بطلان الحكم /
Statement of responsibility, etc. عبد الحميد الشواربي.
264 #1 - PRODUCTION, PUBLICATION, DISTRIBUTION, MANUFACTURE, AND COPYRIGHT NOTICE
Place of production, publication, distribution, manufacture الإسكندرية :
Name of producer, publisher, distributor, manufacturer منشأة المعارف،
Date of production, publication, distribution, manufacture, or copyright notice 1989.
300 ## - PHYSICAL DESCRIPTION
Extent 1034 صفحة ؛
Dimensions 24 سم.
336 ## - CONTENT TYPE
Source rda content
Content type term text
337 ## - MEDIA TYPE
Source rda media
Media type term Computer
338 ## - CARRIER TYPE
Source rda carrier
Carrier type term Online Resource
546 ## - LANGUAGE NOTE
Language note النص باللغة العربية
650 14 - SUBJECT ADDED ENTRY--TOPICAL TERM
Topical term or geographic name entry element الدعوى الجنائية = الدعوى العمومية
650 14 - SUBJECT ADDED ENTRY--TOPICAL TERM
Topical term or geographic name entry element القانون الجنائي
856 40 - ELECTRONIC LOCATION AND ACCESS
Uniform Resource Identifier <a href="https://fll.law.cu.edu.eg/fulltext/bks/B10-05427.pdf">https://fll.law.cu.edu.eg/fulltext/bks/B10-05427.pdf</a>
905 ## - Cataloger and Reviser Names
Cataloger Name: Roqaia Ahmed
Revisor Name: Hassnaa
942 ## - ADDED ENTRY ELEMENTS (KOHA)
Source of classification or shelving scheme Dewey Decimal Classification
Koha item type Books
Edition 21
Suppress in OPAC No
Holdings
Withdrawn status Lost status Source of classification or shelving scheme Damaged status Not for loan Collection Home library Current library Date acquired Total checkouts Full call number Barcode Date last seen Copy number Price effective from Koha item type
    Dewey Decimal Classification يحتاج إلى ترميم Not for loan القانون الجنائي جــــامعة القــاهرة مكتبة كلية الحقوق - المبنى الرئيسي 06.12.2025   Law1 10 343.33 ع ب . د 1989 1005427 C1 B10-05427 06.12.2025 1 06.12.2025 Books

© All rights reserved — Faculty of Law, Cairo University